000 00769nam a2200241 a 4500
001 000025802
005 20200930024048.0
008 100308s1974 sp 000 d spa d
020 _a84714602849
040 _aDO-SdBNP
_bspa
_cBNPHU
041 1 7 _aspa
_hfre
_2Código de idiomas MARC
082 _a551.48
_bR386t, 1974
100 1 _aRemenieras, G.
_952612
240 1 0 _aL´hydrologie del l´ingenieur.
_lEspañol
245 1 0 _aTratado de hidrología aplicada /
_cG. Remenieras.
250 _a2a ed.
260 _aBarcelona :
_bTécnicos Asociados,
_c1974.
300 _a515 p. :
_bil. ;
_c25 cm.
534 _aTítulo de la obra original :
_tL´hydrologie del l´ingenieur
504 _aBibliografía : 514-515 p.
650 4 _aHidrología
_952613
049 _aBNPD
999 _c25294
_d25294